00775nam a2200253 a 4500001001300000003000900013005001700022008004100039020001000080082002000090100002000110245007800130260004500208300000800253500003500261505001000296650002400306650002000330700002000350902000800370942000700378952012100385999001500506nice12345678IN_TiNIC20260116012929.0050524s0000 hyda grp 000 0 urd  ac10000a720.954025bMAH aMahirul-Qadri,  aMashhoor Yadgarenb Qutub Minar Delhi Ki Jami Masjid, Lal Qila, Taj Mahal aHyderabadbMasood Publishing Housec0000 a45p aincludes index and biblioraphy2 aindex aArchitecture-Mughal aIndia-Monuments1 aMahirul-Qadri,  bSRS cBK 001040708StackRoom-aHMIbHMId2007-06-15g100.00l0o720.954025 MAHp013694r2007-06-15v100.00w2005-05-24yBK c8938d8938